[Event "Challenge"]
[Site "http://www.queenalice.com/game.php?id=1500510"]
[Date "2017.10.26"]
[Round "-"]
[White "Soulpower74"]
[Black "Nias"]
[Result "1-0"]
[WhiteElo "2143"]
[BlackElo "1713"]

1. d4 d5 2. c4 c6 3. Nc3 e6 4. e3 Bb4 5. Nf3 Bxc3+ 6. bxc3 h6 7. Bd3 g5 8. O-O
f5 9. Ne5 Rh7 10. Qh5+ Ke7 11. Ba3+ 1-0

[Event "Challenge"]
[Site "http://www.queenalice.com/game.php?id=1557947"]
[Date "2019.1.25"]
[Round "-"]
[White "attachui"]
[Black "Soulpower74"]
[Result "0-1"]
[WhiteElo "2027"]
[BlackElo "2154"]

1. d4 d5 2. c4 Nc6 3. cxd5 Qxd5 4. Nf3 e5 5. Nc3 Bb4 6. e3 Bg4 7. Be2 exd4 8.
Nxd4 Bxe2 9. Qxe2 Qxg2 10. Rf1 O-O-O 11. Bd2 Nxd4 12. exd4 Nf6 13. O-O-O Qxh2
14. Qc4 Bxc3 15. Bxc3 Nd5 16. Bd2 Qd6 17. Bg5 f6 18. Bh4 Qf4+ 19. Kb1 Qxh4 20.
f4 Rhe8 21. Rc1 c6 22. Qa4 Kb8 23. a3 Re2 24. Qc4 Qh2 25. Qb3 Nb6 26. Rfd1 Qg2
27. a4 Qd5 28. Qb4 Qd6 29. Qb3 Rde8 30. a5 Nd5 31. Qa4 Qb4 32. Qa2 Rf2 33. Rc4
Rxb2+ 34. Qxb2 Qxc4 35. Rc1 Qd3+ 36. Ka1 Re2 0-1

[Event "Challenge"]
[Site "http://www.queenalice.com/game.php?id=1557948"]
[Date "2019.1.25"]
[Round "-"]
[White "Soulpower74"]
[Black "attachui"]
[Result "1-0"]
[WhiteElo "2145"]
[BlackElo "2036"]

1. d4 Nf6 2. c4 g6 3. Nc3 Bg7 4. g3 O-O 5. Bg2 d6 6. e4 e5 7. Nge2 Nc6 8. O-O
exd4 9. Nxd4 Nxe4 10. Nxc6 Nxc3 11. bxc3 bxc6 12. Bxc6 Rb8 13. Bd2 Be6 14. Qa4
Rb6 15. Be3 Rb2 16. Bd4 Bxd4 17. cxd4 Qf6 18. Qxa7 Bxc4 19. a4 Bxf1 20. Rxf1 Qe7
21. a5 Rfb8 22. a6 R2b6 23. Bb7 Qe8 24. Rc1 Qd8 25. d5 h5 26. Kg2 Kg7 27. Rc6
Kf6 28. h4 Ke5 29. Rxb6 cxb6 30. Bc6 b5 31. Qxf7 b4 32. Qf4# 1-0

[Event "Challenge"]
[Site "http://www.queenalice.com/game.php?id=1605189"]
[Date "2020.3.31"]
[Round "-"]
[White "Soulpower74"]
[Black "attachui"]
[Result "1-0"]
[WhiteElo "2163"]
[BlackElo "2134"]

1. c4 Nf6 2. Nc3 g6 3. d4 Bg7 4. g3 O-O 5. Bg2 d6 6. e4 e5 7. Nge2 Nc6 8. d5 Ne7
9. h3 h5 10. Be3 Nh7 11. Qd2 f5 12. Bh6 Rf7 13. Bxg7 Rxg7 14. O-O-O g5 15. exf5
Bxf5 16. Be4 Qd7 17. h4 g4 18. Qh6 Bxe4 19. Nxe4 Qf5 20. Qe3 Rf8 21. N2c3 a6 22.
Rhe1 Nf6 23. Rd2 Nxe4 24. Nxe4 Qg6 25. Ng5 Nf5 26. Qa7 Nd4 27. Rxd4 exd4 28.
Qxd4 Qf6 29. Qxf6 Rxf6 30. Re8+ Rf8 31. Rxf8+ Kxf8 32. Ne6+ Kg8 33. Nxg7 Kxg7
34. Kd2 Kf6 35. Ke3 Ke5 36. b3 a5 37. f4+ gxf3 38. Kxf3 b6 39. g4 hxg4+ 40. Kxg4
b5 41. Kg5 bxc4 42. bxc4 Kd4 43. h5 Kxc4 44. h6 Kxd5 45. h7 c5 46. h8=Q Kc4 47.
Qb2 d5 48. Kf4 d4 49. Qb3# 1-0

[Event "Challenge"]
[Site "http://www.queenalice.com/game.php?id=1605190"]
[Date "2020.3.31"]
[Round "-"]
[White "attachui"]
[Black "Soulpower74"]
[Result "1-0"]
[WhiteElo "2128"]
[BlackElo "2174"]

1. d4 d5 2. c4 e6 3. Nc3 Nf6 4. Bf4 Be7 5. Nf3 c6 6. e3 O-O 7. Qc2 Nbd7 8. c5 b5
9. cxb6 axb6 10. Bd3 c5 11. Nb5 Ba6 12. O-O c4 13. Bxc4 dxc4 14. Qxc4 Bxb5 15.
Qxb5 Nd5 16. Bg3 N7f6 17. Ne5 Ra5 18. Qe2 Ne4 19. Nc6 Qa8 20. Nxa5 Qxa5 21. Rfc1
h6 22. a3 Qd2 23. Qxd2 Nxd2 24. Rc2 Ne4 25. Rd1 Ra8 26. Rd3 g5 27. f3 Nxg3 28.
hxg3 f5 29. e4 fxe4 30. fxe4 Nf6 31. Rc6 Ng4 32. Rxe6 Rc8 33. Rc3 Rxc3 34. bxc3
Bxa3 35. Rxb6 Kf7 36. Kf1 Ke7 37. Ke2 Kd7 38. e5 Kc7 39. Rb3 Be7 40. Kf3 h5 41.
c4 Kc6 42. Ke4 Nh6 43. Rb5 Ng4 44. d5+ Kd7 45. Rb7+ 1-0

[Event "Spring Challenge"]
[Site "http://www.queenalice.com/game.php?id=1646064"]
[Date "2021.3.8"]
[Round "-"]
[White "Soulpower74"]
[Black "attachui"]
[Result "1-0"]
[WhiteElo "2159"]
[BlackElo "2112"]

1. d4 Nf6 2. c4 g6 3. Nc3 Bg7 4. e4 O-O 5. Be2 d6 6. Nf3 e5 7. dxe5 dxe5 8. Bg5
Nc6 9. Qxd8 Rxd8 10. Nd5 Rd6 11. Bxf6 Bxf6 12. Nxc7 Rb8 13. O-O Nd4 14. Nxd4
exd4 15. Bd3 Bd7 16. f4 Bd8 17. Nd5 Bc6 18. Rad1 b5 19. cxb5 Bxd5 20. exd5 Rxd5
21. Rfe1 Bb6 22. Kf1 Rb7 23. Be4 Rbd7 24. Bxd5 Rxd5 25. Re5 Rxe5 26. fxe5 Kf8
27. Ke2 Ke7 28. Kd3 Ke6 29. Ke4 Bc7 30. Rxd4 Bxe5 31. Ra4 f5+ 32. Kd3 Bb8 33. h3
g5 34. Ra6+ Ke5 35. b6 axb6 36. Rxb6 Bd6 37. a4 g4 38. hxg4 fxg4 39. a5 Bc5 40.
Rb5 Kd6 41. Rxc5 Kxc5 42. Ke4 Kb5 43. b4 1-0

[Event "Challenge Spring"]
[Site "http://www.queenalice.com/game.php?id=1646065"]
[Date "2021.3.8"]
[Round "-"]
[White "attachui"]
[Black "Soulpower74"]
[Result "1/2-1/2"]
[WhiteElo "2092"]
[BlackElo "2161"]

1. d4 Nf6 2. c4 g6 3. Nc3 d5 4. cxd5 Nxd5 5. e4 Nxc3 6. bxc3 Bg7 7. Bc4 c5 8.
Bb2 Qa5 9. Qf3 O-O 10. Ne2 cxd4 11. O-O dxc3 12. Bxc3 Bxc3 13. Nxc3 Nc6 14. Nd5
Be6 15. Rfc1 Bxd5 16. Bxd5 Rac8 17. Bxc6 Rxc6 18. Rxc6 bxc6 19. h4 Rd8 20. Qb3
Rd2 21. a4 Qc5 22. Qg3 Qd4 23. Re1 Qxa4 24. Qb8+ 1/2-1/2

[Event "2022 New Year Challenge"]
[Site "http://www.queenalice.com/game.php?id=1780683"]
[Date "2022.1.18"]
[Round "-"]
[White "Soulpower74"]
[Black "attachui"]
[Result "1-0"]
[WhiteElo "2170"]
[BlackElo "2018"]

1. d4 Nf6 2. c4 g6 3. Nc3 Bg7 4. e4 O-O 5. e5 Ne8 6. f4 d6 7. Be2 f6 8. Nf3 Bg4
9. exd6 exd6 10. O-O Nc6 11. h3 Bf5 12. Be3 Nb4 13. Rc1 Qe7 14. Bf2 Bh6 15. a3
Bxf4 16. axb4 Bxc1 17. Qxc1 c6 18. Re1 Qd7 19. d5 cxd5 20. Nxd5 b6 21. Nd4 Be4
22. Bg4 f5 23. Rxe4 fxg4 24. Re7 Qd8 25. Ne6 Qc8 26. Qh6 Rf7 27. Rxf7 Kxf7 28.
Ng5+ 1-0

[Event "2022 New Year Challenge"]
[Site "http://www.queenalice.com/game.php?id=1780685"]
[Date "2022.1.18"]
[Round "-"]
[White "attachui"]
[Black "Soulpower74"]
[Result "1-0"]
[WhiteElo "2021"]
[BlackElo "2177"]

1. d4 d5 2. c4 e6 3. Nc3 Be7 4. Nf3 Nf6 5. Bf4 c6 6. e3 O-O 7. c5 Nbd7 8. Bd3
Nh5 9. Bg3 Nxg3 10. hxg3 h6 11. Rc1 e5 12. dxe5 Nxc5 13. Bb1 Ne4 14. Bxe4 dxe4
15. Nxe4 Qa5+ 16. Nc3 Bg4 17. Qd4 Be6 18. O-O Rad8 19. Qe4 Rd7 20. Nd4 Rfd8 21.
Nxe6 fxe6 22. a3 Rd2 23. Na4 R8d5 24. f4 b5 25. Nc3 R5d3 26. Qxc6 Rxb2 27. Qxe6+
Kh8 28. Qxe7 Rdd2 29. Qf8+ Kh7 30. Qf5+ Kh8 31. Ne2 1-0

[Event "Challenge"]
[Site "http://www.queenalice.com/game.php?id=1799755"]
[Date "2022.11.11"]
[Round "-"]
[White "attachui"]
[Black "Soulpower74"]
[Result "1-0"]
[WhiteElo "1990"]
[BlackElo "2151"]

1. d4 Nf6 2. c4 e6 3. Nc3 d5 4. Nf3 Be7 5. Bf4 c6 6. e3 O-O 7. Bd3 dxc4 8. Bxc4
b5 9. Bb3 Bb7 10. O-O a6 11. Rc1 Nbd7 12. e4 c5 13. d5 exd5 14. Bxd5 Bxd5 15.
exd5 Re8 16. Re1 Nb6 17. d6 Bf8 18. Rxe8 Nxe8 19. Ne4 c4 20. g4 Rc8 21. g5 Qd7
22. Ne5 Qf5 23. Qd4 Nd7 24. Rc3 Nxe5 25. Bxe5 Rd8 26. Rg3 g6 27. h4 Rd7 28. Nc5
Rxd6 29. Bxd6 Bxd6 30. Re3 Bxc5 31. Rxe8+ 1-0

[Event "Winter is coming "]
[Site "http://www.queenalice.com/game.php?id=1799756"]
[Date "2022.11.11"]
[Round "-"]
[White "Soulpower74"]
[Black "attachui"]
[Result "1-0"]
[WhiteElo "2134"]
[BlackElo "2092"]

1. d4 Nf6 2. c4 g6 3. Nc3 Bg7 4. Nf3 d6 5. e4 O-O 6. Be2 e5 7. O-O Nc6 8. d5 Ne7
9. h3 Ne8 10. Be3 f5 11. exf5 Bxf5 12. Qd2 Qd7 13. Bh6 e4 14. Bxg7 Nxg7 15. Ng5
Rae8 16. g4 h6 17. Ngxe4 Bxe4 18. Nxe4 Kh7 19. Qd4 Ng8 20. Rae1 Rf4 21. f3 c5
22. dxc6 bxc6 23. Qxd6 Qxd6 24. Nxd6 Re6 25. c5 Ne7 26. Ne4 Nd5 27. Bc4 Re8 28.
Kg2 Rff8 29. Bxd5 cxd5 30. Nd6 Rd8 31. Re5 d4 32. Rd1 h5 33. Rxd4 Rf6 34. Re7
Kg8 35. Rxa7 Ne6 36. Rc4 Nf4+ 37. Kg3 Nd3 38. b4 Ne5 39. Rc3 h4+ 40. Kxh4 Nxf3+
41. Kg3 Nd4 42. Re3 Nc6 43. Rb7 Rdf8 44. g5 Rf1 45. Ne4 Nd4 46. Kg2 Nc2 47. Re2
Ne1+ 48. Rxe1 Rxe1 49. Nf6+ Rxf6 50. gxf6 Re2+ 51. Kf3 Rxa2 52. c6 Ra3+ 53. Kg4
1-0

[Event "Challenge"]
[Site "http://www.queenalice.com/game.php?id=1816554"]
[Date "2023.7.18"]
[Round "-"]
[White "Soulpower74"]
[Black "JORAM2205"]
[Result "0-1"]
[WhiteElo "2160"]
[BlackElo "2257"]

1. d4 Nf6 2. c4 e6 3. Nc3 Bb4 4. e3 O-O 5. Bd3 c5 6. Ne2 d5 7. O-O cxd4 8. exd4
dxc4 9. Bxc4 Nc6 10. Bg5 Be7 11. Qd2 Bd7 0-1

[Event " Happy 2024 Winter Challenge"]
[Site "http://www.queenalice.com/game.php?id=1828922"]
[Date "2024.1.10"]
[Round "-"]
[White "Soulpower74"]
[Black "attachui"]
[Result "1-0"]
[WhiteElo "2119"]
[BlackElo "2062"]

1. c4 Nf6 2. g3 g6 3. Bg2 Bg7 4. Nc3 O-O 5. e4 d6 6. d4 c5 7. Nge2 cxd4 8. Nxd4
a6 9. O-O Nbd7 10. Bg5 h6 11. Be3 Ne5 12. b3 Nfg4 13. Bf4 Nxc4 14. bxc4 e5 15.
Be3 exd4 16. Bxd4 Ne5 17. Qe2 Be6 18. Nd5 Rc8 19. Rac1 Re8 20. Rfd1 Bxd5 21.
cxd5 Rxc1 22. Rxc1 Qa5 23. Kf1 Nd7 24. Bxg7 Kxg7 25. Qb2+ Kg8 26. Qxb7 Nc5 27.
Qb1 Qd2 28. Rd1 Qc3 29. Kg1 Qc4 30. Re1 a5 31. Re3 a4 32. h3 Na6 33. Bf1 Qc8 34.
Qb6 Nc5 35. Qxd6 Nxe4 36. Qc6 Qd8 37. Bg2 Nf6 38. Rxe8+ Nxe8 39. Qxa4 Nd6 40.
Qc6 Nf5 41. a4 Qa5 42. d6 Qe1+ 43. Bf1 Qe6 44. Bc4 Qe1+ 45. Kg2 Nxd6 46. Bd5 Nf5
47. Qxg6+ Ng7 48. Qxf7+ Kh7 49. Qf4 Qa5 50. Be4+ Kg8 51. Qb8+ Kf7 52. Qb5 Qxb5
53. axb5 Ke7 54. b6 Kd8 55. f4 Ne8 56. g4 Nd6 57. Kf3 Kc8 58. h4 Nc4 59. b7+ Kc7
60. g5 hxg5 61. fxg5 Ne5+ 62. Kf4 Nf7 63. h5 1-0

[Event "Winter 2024 colors reversed"]
[Site "http://www.queenalice.com/game.php?id=1828923"]
[Date "2024.1.10"]
[Round "-"]
[White "attachui"]
[Black "Soulpower74"]
[Result "1/2-1/2"]
[WhiteElo "2009"]
[BlackElo "2122"]

1. d4 e6 2. c4 d5 3. Nc3 Be7 4. Bf4 Nf6 5. e3 O-O 6. Nf3 b6 7. Rc1 c6 8. Be2 Ba6
9. b3 Nbd7 10. Qc2 Rc8 11. c5 Bxe2 12. Nxe2 bxc5 13. dxc5 Nxc5 14. Ned4 Qa5+ 15.
Kf1 Nfe4 16. Ne5 Qa6+ 17. Qe2 Qxe2+ 18. Kxe2 f6 19. Nexc6 Rfe8 20. Nxa7 Ra8 21.
Ndc6 e5 22. Bg3 Bf8 23. f3 Nxg3+ 24. hxg3 Ne6 25. Rh4 d4 26. exd4 Nxd4+ 27. Kf1
Nxc6 28. Nxc6 Rxa2 29. b4 Rea8 30. Rhc4 Rb2 31. R4c2 Raa2 32. Rxb2 Rxb2 33. Rc4
Kf7 34. f4 exf4 35. gxf4 Bd6 36. f5 g6 37. Rd4 Bf8 38. Rd7+ Kg8 39. fxg6 hxg6
40. Rb7 g5 41. b5 Bc5 42. g4 Kf8 43. Nd8 Ke8 44. Ne6 Be3 45. Nc7+ Kf8 46. Nd5
Bd4 47. b6 Rb5 48. Rb8+ Kf7 49. Rb7+ Kf8 50. Rb8+ Kf7 51. Rb7+ 1/2-1/2

[Event "2025 New Year Challenge"]
[Site "http://www.queenalice.com/game.php?id=1851178"]
[Date "2025.1.29"]
[Round "-"]
[White "Soulpower74"]
[Black "attachui"]
[Result "1-0"]
[WhiteElo "2122"]
[BlackElo "2123"]

1. c4 Nf6 2. Nc3 g6 3. d4 Bg7 4. e4 d6 5. Be2 O-O 6. Nf3 e5 7. dxe5 dxe5 8. Bg5
h6 9. Bxf6 Qxf6 10. O-O Nc6 11. Qb3 Nd4 12. Nxd4 exd4 13. Nd5 Qd6 14. Rad1 c5
15. f4 f6 16. Qg3 Kh7 17. Bd3 Bd7 18. Qxg6+ Kxg6 19. e5+ Bf5 20. Bxf5+ Kxf5 21.
exd6 Rad8 22. Rde1 Rxd6 23. Ne7+ Kg4 24. h3+ Kh4 25. Nf5+ Kh5 26. g4+ Kg6 27.
Nxd6 b6 28. Nf5 Rf7 29. Re7 1-0

[Event "2025 New Year Challenge"]
[Site "http://www.queenalice.com/game.php?id=1851179"]
[Date "2025.1.29"]
[Round "-"]
[White "attachui"]
[Black "Soulpower74"]
[Result "1-0"]
[WhiteElo "2180"]
[BlackElo "2130"]

1. d4 d5 2. c4 e6 3. Nc3 Nf6 4. Nf3 Be7 5. Bf4 O-O 6. e3 c6 7. Bd3 dxc4 8. Bxc4
b5 9. Bb3 a6 10. Nd2 Bb7 11. O-O Nbd7 12. Nde4 c5 13. Nd6 Bc6 14. d5 exd5 15.
Nxd5 Nxd5 16. Bxd5 Bxd5 17. Qxd5 Nf6 18. Qc6 c4 19. Rad1 Qa5 20. Nf5 Rfe8 21.
Nxe7+ Rxe7 22. Qxa8+ 1-0

[Event "Spring 2025"]
[Site "http://www.queenalice.com/game.php?id=1856528"]
[Date "2025.4.30"]
[Round "-"]
[White "Soulpower74"]
[Black "attachui"]
[Result "0-1"]
[WhiteElo "2134"]
[BlackElo "2083"]

1. e4 c5 2. Nf3 d6 3. d4 cxd4 4. Nxd4 Nf6 5. Nc3 a6 6. Bc4 e6 7. Be3 b5 8. Bd3
Bb7 9. f3 Nbd7 10. Qd2 Rc8 11. g4 Ne5 12. h4 d5 13. g5 dxe4 14. fxe4 Nfg4 15.
Bg1 Bb4 16. Nde2 Nf3+ 0-1

[Event "Spring 2025"]
[Site "http://www.queenalice.com/game.php?id=1856529"]
[Date "2025.4.30"]
[Round "-"]
[White "attachui"]
[Black "Soulpower74"]
[Result "0-1"]
[WhiteElo "2066"]
[BlackElo "2120"]

1. d4 d5 2. c4 e6 3. Nc3 Nf6 4. Nf3 Be7 5. Bf4 O-O 6. e3 b6 7. Nb5 Na6 8. Rc1 c6
9. Nc3 Bb7 10. cxd5 Nxd5 11. Bg3 Nxc3 12. Rxc3 Bb4 13. Bd3 Bxc3+ 14. bxc3 c5 15.
O-O Rc8 16. Qe2 Nc7 17. dxc5 bxc5 18. Rd1 Qe7 19. Bd6 Qf6 20. Bxf8 Kxf8 21. e4
Qxc3 22. Bb1 h6 23. Ne1 Ba6 24. Qh5 e5 0-1